[Event "WCO2014"]
[Site "Tromso"]
[Date "2014.08.03"]
[Round "2.16"]
[WhiteID "14604272"]
[White "Novak Ksenija"]
[BlackID "14512670"]
[Black "Deur Saric Zrinka"]
[Result "0-1"]
[LiveChessVersion "1.4.3"]
[BlackElo "2113"]
[WhiteElo "2074"]

1. Nf3 {[%clk 1:30:56]} c5 {[%clk 1:30:52]} 2. c4 {[%clk 1:31:13]} Nc6
{[%clk 1:30:58]} 3. Nc3 {[%clk 1:31:23]} g6 {[%clk 1:30:59]} 4. e3
{[%clk 1:30:58]} Nf6 {[%clk 1:29:33]} 5. d4 {[%clk 1:30:22]} cxd4
{[%clk 1:22:23]} 6. exd4 {[%clk 1:30:22]} d6 {[%clk 1:14:04]} 7. d5
{[%clk 1:28:19]} Nb8 {[%clk 1:14:23]} 8. Be2 {[%clk 1:26:27]} Bg7
{[%clk 1:13:59]} 9. O-O {[%clk 1:26:25]} O-O {[%clk 1:14:23]} 10. Be3
{[%clk 1:23:44]} Nbd7 {[%clk 1:12:52]} 11. Bd4 {[%clk 1:14:53]} b6
{[%clk 1:05:45]} 12. b4 {[%clk 1:07:27]} Bb7 {[%clk 1:04:25]} 13. Rc1
{[%clk 1:02:29]} Rc8 {[%clk 1:00:54]} 14. h3 {[%clk 0:42:38]} Qc7
{[%clk 0:45:26]} 15. Be3 {[%clk 0:38:51]} a6 {[%clk 0:39:44]} 16. a4
{[%clk 0:25:16]} Rfe8 {[%clk 0:35:51]} 17. Qd2 {[%clk 0:21:35]} e5
{[%clk 0:24:54]} 18. dxe6 {[%clk 0:19:39]} fxe6 {[%clk 0:25:21]} 19. Rfd1
{[%clk 0:19:02]} Qb8 {[%clk 0:24:39]} 20. Bf4 {[%clk 0:13:29]} e5
{[%clk 0:21:28]} 21. Bg5 {[%clk 0:13:10]} Bf8 {[%clk 0:19:25]} 22. Qe3
{[%clk 0:08:41]} Be7 {[%clk 0:12:50]} 23. Bxf6 {[%clk 0:07:57]} Nxf6
{[%clk 0:12:55]} 24. Nh2 {[%clk 0:05:39]} Ba8 {[%clk 0:09:16]} 25. Ng4
{[%clk 0:04:47]} Nxg4 {[%clk 0:08:39]} 26. Bxg4 {[%clk 0:05:07]} Rcd8
{[%clk 0:09:04]} 27. Be6+ {[%clk 0:04:19]} Kg7 {[%clk 0:09:27]} 28. Bd5
{[%clk 0:04:17]} h6 {[%clk 0:09:14]} 29. Qe4 {[%clk 0:02:42]} Bg5
{[%clk 0:07:38]} 30. Rc2 {[%clk 0:03:06]} Bxd5 {[%clk 0:04:34]} 31. Qxd5
{[%clk 0:03:21]} Qc7 {[%clk 0:04:05]} 32. Ne4 {[%clk 0:03:21]} Be7
{[%clk 0:04:11]} 33. Rcd2 {[%clk 0:02:32]} Rf8 {[%clk 0:03:54]} 34. Qe6
{[%clk 0:02:02]} Rf4 {[%clk 0:02:35]} 35. Qd5 {[%clk 0:01:39]} Rff8
{[%clk 0:02:33]} 36. Qe6 {[%clk 0:01:40]} Rf4 {[%clk 0:02:59]} 37. Qd5
{[%clk 0:02:07]} Rff8 {[%clk 0:01:46]} 38. g3 {[%clk 0:01:32]} Qc8
{[%clk 0:01:38]} 39. Kg2 {[%clk 0:01:11]} Rf7 {[%clk 0:01:07]} 40. Qd3
{[%clk 0:00:44]} Bf8 {[%clk 0:00:51]} 41. Qd5 {[%clk 0:16:47]} Qf5
{[%clk 0:20:12]} 42. Nc3 {[%clk 0:10:45]} Be7 {[%clk 0:14:59]} 43. Qe4
{[%clk 0:09:27]} Rc8 {[%clk 0:14:36]} 44. Qe2 {[%clk 0:09:02]} Bg5
{[%clk 0:07:47]} 45. Rc2 {[%clk 0:04:59]} Rxc4 {[%clk 0:06:55]} 46. Rxd6
{[%clk 0:03:01]} Rfc7 {[%clk 0:06:08]} 47. Rxb6 {[%clk 0:01:51]} Rxc3
{[%clk 0:05:09]} 48. Rxc3 {[%clk 0:02:17]} Rxc3 {[%clk 0:05:35]} 49. Rxa6
{[%clk 0:02:21]} Be7 {[%clk 0:01:39]} 50. Ra5 {[%clk 0:01:00]} Bxb4
{[%clk 0:01:19]} 51. Qxe5+ {[%clk 0:01:07]} Qxe5 {[%clk 0:01:02]} 52. Rxe5
{[%clk 0:01:35]} Ra3 {[%clk 0:01:09]} 53. f4 {[%clk 0:01:28]} Rxa4
{[%clk 0:01:24]} 54. g4 {[%clk 0:01:28]} Bd6 {[%clk 0:01:17]} 55. Re2
{[%clk 0:01:38]} Rxf4 {[%clk 0:01:08]} 56. Rc2 {[%clk 0:01:52]} Kf6
{[%clk 0:01:05]} 57. Re2 {[%clk 0:01:58]} Rd4 {[%clk 0:00:55]} 58. Rc2
{[%clk 0:01:30]} Rd3 {[%clk 0:01:15]} 59. Rc6 {[%clk 0:01:19]} Ke6
{[%clk 0:01:31]} 0-1

[Event "WCO2014"]
[Site "Tromso"]
[Date "2014.08.03"]
[Round "2.48"]
[WhiteID "405094"]
[White "Houska Jovanka"]
[BlackID "929239"]
[Black "Dimitrijevic Aleksandra"]
[Result "1/2-1/2"]
[LiveChessVersion "1.4.3"]
[BlackElo "2293"]
[WhiteElo "2401"]

1. d4 {[%clk 1:30:57]} d6 {[%clk 1:30:57]} 2. Nf3 {[%clk 1:31:07]} Nf6
{[%clk 1:30:30]} 3. g3 {[%clk 1:30:57]} c6 {[%clk 1:30:31]} 4. c4
{[%clk 1:28:51]} Bf5 {[%clk 1:28:25]} 5. Qb3 {[%clk 1:23:32]} Qc7
{[%clk 1:24:28]} 6. Bg2 {[%clk 1:23:36]} e5 {[%clk 1:22:29]} 7. dxe5
{[%clk 0:45:01]} dxe5 {[%clk 1:17:07]} 8. Nxe5 {[%clk 0:45:15]} Qxe5
{[%clk 1:15:31]} 9. Qxb7 {[%clk 0:45:41]} Be4 {[%clk 1:14:18]} 10. f3
{[%clk 0:25:49]} Bxb1 {[%clk 1:09:35]} 11. Rxb1 {[%clk 0:25:18]} Bc5
{[%clk 1:10:00]} 12. b4 {[%clk 0:20:05]} O-O {[%clk 1:05:11]} 13. bxc5
{[%clk 0:20:21]} Nbd7 {[%clk 1:04:56]} 14. Bf4 {[%clk 0:17:23]} Qc3+
{[%clk 1:03:06]} 15. Bd2 {[%clk 0:16:27]} Qxc4 {[%clk 0:58:51]} 16. Qb3
{[%clk 0:15:36]} Qa6 {[%clk 0:57:45]} 17. Rc1 {[%clk 0:12:23]} Ne5
{[%clk 0:43:27]} 18. f4 {[%clk 0:12:13]} Rab8 {[%clk 0:43:53]} 19. Qc3
{[%clk 0:12:15]} Neg4 {[%clk 0:43:55]} 20. h3 {[%clk 0:11:21]} Rfe8
{[%clk 0:44:06]} 21. Qc4 {[%clk 0:09:50]} Qa3 {[%clk 0:44:23]} 22. Qc3
{[%clk 0:08:13]} Qa6 {[%clk 0:39:17]} 23. O-O {[%clk 0:08:31]} Nh6
{[%clk 0:35:35]} 24. Qc4 {[%clk 0:07:11]} Qxc4 {[%clk 0:35:17]} 25. Rxc4
{[%clk 0:07:38]} Rxe2 {[%clk 0:35:42]} 26. Rf2 {[%clk 0:05:05]} Rb1+
{[%clk 0:33:41]} 27. Rc1 {[%clk 0:04:13]} Rxc1+ {[%clk 0:32:34]} 28. Bxc1
{[%clk 0:04:41]} Re1+ {[%clk 0:28:45]} 29. Rf1 {[%clk 0:05:08]} Rxf1+
{[%clk 0:27:41]} 30. Kxf1 {[%clk 0:05:34]} Nf5 {[%clk 0:28:06]} 31. Bxc6
{[%clk 0:03:56]} Nxg3+ {[%clk 0:25:27]} 32. Kg2 {[%clk 0:04:06]} Nge4
{[%clk 0:23:05]} 33. Ba3 {[%clk 0:03:12]} Kf8 {[%clk 0:17:06]} 34. Bb5
{[%clk 0:02:21]} Ke7 {[%clk 0:16:51]} 35. Kf3 {[%clk 0:01:54]} Nc3
{[%clk 0:16:04]} 36. Bc4 {[%clk 0:01:41]} Kd7 {[%clk 0:13:51]} 37. Bxf7
{[%clk 0:01:44]} Kc6 {[%clk 0:12:11]} 38. Bb2 {[%clk 0:01:41]} Nce4
{[%clk 0:12:01]} 39. Bd4 {[%clk 0:01:42]} Nxc5 {[%clk 0:12:19]} 40. h4
{[%clk 0:01:40]} a5 {[%clk 0:10:57]} 41. h5 {[%clk 0:20:00]} Ncd7
{[%clk 0:40:51]} 42. a4 {[%clk 0:18:14]} Kd6 {[%clk 0:40:12]} 43. Bb3
{[%clk 0:12:18]} Nxh5 {[%clk 0:38:56]} 44. Bc3 {[%clk 0:12:44]} Nc5
{[%clk 0:39:05]} 45. Bc2 {[%clk 0:13:11]} Nf6 {[%clk 0:38:10]} 46. Bxa5
{[%clk 0:13:29]} Nd5 {[%clk 0:38:32]} 47. Bd2 {[%clk 0:12:42]} h5
{[%clk 0:35:22]} 48. Kg3 {[%clk 0:10:57]} Ne6 {[%clk 0:35:32]} 49. a5
{[%clk 0:08:31]} Nd4 {[%clk 0:33:09]} 50. Bd3 {[%clk 0:08:48]} h4+
{[%clk 0:33:16]} 51. Kh3 {[%clk 0:08:33]} Nb3 {[%clk 0:33:17]} 52. a6
{[%clk 0:02:00]} Nxd2 {[%clk 0:33:09]} 53. a7 {[%clk 0:02:26]} Nc7
{[%clk 0:32:40]} 54. Kxh4 {[%clk 0:02:29]} Ke5 1/2-1/2

[Event "WCO2014"]
[Site "Tromso"]
[Date "2014.08.03"]
[Round "2.47"]
[WhiteID "14400839"]
[White "Boric Elena"]
[BlackID "4301498"]
[Black "Maroroa Sue"]
[Result "1-0"]
[LiveChessVersion "1.4.3"]
[BlackElo "2120"]
[WhiteElo "2196"]

1. d4 {[%clk 1:30:51]} Nf6 {[%clk 1:30:55]} 2. Nf3 {[%clk 1:31:08]} g6
{[%clk 1:31:16]} 3. Bf4 {[%clk 1:30:43]} Bg7 {[%clk 1:30:55]} 4. e3
{[%clk 1:30:23]} O-O {[%clk 1:28:13]} 5. Be2 {[%clk 1:28:22]} d6 {[%clk 1:28:36]}
6. h3 {[%clk 1:27:29]} Nbd7 {[%clk 1:28:45]} 7. O-O {[%clk 1:24:43]} b6
{[%clk 1:29:11]} 8. c4 {[%clk 1:23:23]} Bb7 {[%clk 1:28:46]} 9. Nc3
{[%clk 1:23:15]} Ne4 {[%clk 1:26:01]} 10. Nxe4 {[%clk 1:11:11]} Bxe4
{[%clk 1:26:28]} 11. Rc1 {[%clk 1:07:01]} a5 {[%clk 1:18:19]} 12. Qd2
{[%clk 0:55:07]} e5 {[%clk 1:08:46]} 13. Bg5 {[%clk 0:48:25]} Qe8
{[%clk 1:06:10]} 14. Rfd1 {[%clk 0:47:14]} f5 {[%clk 0:45:53]} 15. dxe5
{[%clk 0:38:35]} Nxe5 {[%clk 0:45:53]} 16. Nd4 {[%clk 0:35:22]} Kh8
{[%clk 0:44:38]} 17. b3 {[%clk 0:31:49]} h6 {[%clk 0:28:13]} 18. Bh4
{[%clk 0:30:03]} g5 {[%clk 0:27:56]} 19. Bg3 {[%clk 0:30:29]} Qg6
{[%clk 0:28:20]} 20. f3 {[%clk 0:23:50]} Bb7 {[%clk 0:27:08]} 21. Qc2
{[%clk 0:20:23]} Rae8 {[%clk 0:25:17]} 22. Nb5 {[%clk 0:15:26]} Re7
{[%clk 0:24:18]} 23. Nc3 {[%clk 0:13:23]} f4 {[%clk 0:20:58]} 24. exf4
{[%clk 0:13:12]} gxf4 {[%clk 0:21:01]} 25. Bh4 {[%clk 0:08:39]} Re6
{[%clk 0:18:56]} 26. Nd5 {[%clk 0:08:28]} Qh5 {[%clk 0:11:07]} 27. Bf2
{[%clk 0:08:33]} Rg6 {[%clk 0:10:47]} 28. Kh2 {[%clk 0:06:51]} Bc8
{[%clk 0:04:10]} 29. Rg1 {[%clk 0:06:19]} Rg3 {[%clk 0:03:05]} 30. Bxg3
{[%clk 0:05:28]} fxg3+ {[%clk 0:03:34]} 31. Kxg3 {[%clk 0:05:56]} Ng6
{[%clk 0:03:24]} 32. Kh2 {[%clk 0:05:48]} Be5+ {[%clk 0:03:36]} 33. f4
{[%clk 0:05:24]} Nxf4 {[%clk 0:02:37]} 34. Bxh5 {[%clk 0:05:07]} Nxh5+
{[%clk 0:02:28]} 35. g3 {[%clk 0:05:12]} Bf5 {[%clk 0:01:16]} 36. Qd2
{[%clk 0:05:01]} Kh7 {[%clk 0:01:07]} 37. Rcf1 {[%clk 0:04:44]} 1-0

[Event "WCO2014"]
[Site "Tromso"]
[Date "2014.08.03"]
[Round "2.46"]
[WhiteID "411280"]
[White "Chevannes Sabrina L"]
[BlackID "14400081"]
[Black "Dengler Dijana"]
[Result "0-1"]
[LiveChessVersion "1.4.3"]
[BlackElo "2070"]
[WhiteElo "2171"]

1. c4 {[%clk 1:30:53]} c6 {[%clk 1:30:54]} 2. e4 {[%clk 1:31:01]} g6
{[%clk 1:26:28]} 3. Nc3 {[%clk 1:29:14]} Bg7 {[%clk 1:26:20]} 4. d4
{[%clk 1:28:14]} d6 {[%clk 1:25:03]} 5. Nf3 {[%clk 1:24:11]} Nd7 {[%clk 1:24:46]}
6. Be2 {[%clk 1:24:05]} Qc7 {[%clk 1:22:01]} 7. O-O {[%clk 1:23:07]} Ngf6
{[%clk 1:20:23]} 8. h3 {[%clk 1:22:01]} e5 {[%clk 1:20:08]} 9. Be3
{[%clk 1:19:15]} O-O {[%clk 1:20:01]} 10. d5 {[%clk 1:11:29]} Re8
{[%clk 1:13:03]} 11. Rc1 {[%clk 1:02:23]} Nc5 {[%clk 0:56:32]} 12. Nd2
{[%clk 0:55:59]} a5 {[%clk 0:52:20]} 13. a3 {[%clk 0:53:10]} Na6 {[%clk 0:51:43]}
14. Na4 {[%clk 0:45:31]} c5 {[%clk 0:46:43]} 15. Qb3 {[%clk 0:41:22]} Bd7
{[%clk 0:45:55]} 16. Nb6 {[%clk 0:32:21]} Rad8 {[%clk 0:46:04]} 17. Bf3
{[%clk 0:26:36]} Re7 {[%clk 0:41:25]} 18. Nb1 {[%clk 0:25:22]} Rf8
{[%clk 0:37:50]} 19. Bd2 {[%clk 0:24:33]} a4 {[%clk 0:33:53]} 20. Nxa4
{[%clk 0:24:26]} Ne8 {[%clk 0:34:15]} 21. Nb6 {[%clk 0:22:31]} f5
{[%clk 0:34:02]} 22. Nxd7 {[%clk 0:21:46]} Rxd7 {[%clk 0:31:28]} 23. Nc3
{[%clk 0:21:15]} Qd8 {[%clk 0:27:25]} 24. Qc2 {[%clk 0:20:10]} Qh4
{[%clk 0:26:55]} 25. b4 {[%clk 0:15:21]} Rdf7 {[%clk 0:26:15]} 26. bxc5
{[%clk 0:13:36]} Nxc5 {[%clk 0:26:15]} 27. Be3 {[%clk 0:13:08]} Bh6
{[%clk 0:21:00]} 28. Bxh6 {[%clk 0:12:35]} Qxh6 {[%clk 0:21:22]} 29. Rce1
{[%clk 0:08:49]} Ng7 {[%clk 0:13:29]} 30. Na4 {[%clk 0:06:33]} fxe4
{[%clk 0:12:53]} 31. Bxe4 {[%clk 0:06:32]} Nxe4 {[%clk 0:12:54]} 32. Rxe4
{[%clk 0:06:19]} Nf5 {[%clk 0:12:59]} 33. Qd3 {[%clk 0:04:30]} Nd4
{[%clk 0:11:44]} 34. Qe3 {[%clk 0:03:30]} Qh5 {[%clk 0:10:25]} 35. f4
{[%clk 0:01:30]} Nf5 {[%clk 0:06:27]} 36. Qd3 {[%clk 0:01:22]} exf4
{[%clk 0:01:58]} 37. Rexf4 {[%clk 0:01:18]} Re8 {[%clk 0:01:54]} 38. g4
{[%clk 0:01:05]} Qg5 {[%clk 0:02:20]} 39. Kh2 {[%clk 0:00:40]} Re3
{[%clk 0:02:33]} 40. Qd2 {[%clk 0:00:32]} Qh4 {[%clk 0:02:26]} 41. R1f3
{[%clk 0:21:06]} Rfe7 {[%clk 0:20:50]} 42. Nc3 {[%clk 0:16:47]} Rxf3
{[%clk 0:09:14]} 43. Rxf3 {[%clk 0:17:12]} Nh6 {[%clk 0:08:39]} 44. Qf4
{[%clk 0:13:42]} Nf7 {[%clk 0:07:52]} 45. Ne4 {[%clk 0:10:33]} Qe1
{[%clk 0:05:54]} 46. Re3 {[%clk 0:04:33]} Qc1 {[%clk 0:06:22]} 47. Qf2
{[%clk 0:03:11]} Ne5 {[%clk 0:03:53]} 48. Rc3 {[%clk 0:01:35]} Qa1
{[%clk 0:03:41]} 49. Rg3 {[%clk 0:01:14]} Rf7 {[%clk 0:02:44]} 50. Qe2
{[%clk 0:00:52]} Rf1 {[%clk 0:02:45]} 51. Nf2 {[%clk 0:00:41]} Re1
{[%clk 0:02:14]} 52. Qd2 {[%clk 0:00:45]} Rf1 {[%clk 0:01:06]} 53. Qf4
{[%clk 0:00:49]} Qe1 {[%clk 0:01:14]} 54. Rg2 {[%clk 0:00:55]} Nd3
{[%clk 0:01:00]} 55. Qxd6 {[%clk 0:00:41]} Rxf2 {[%clk 0:00:51]} 56. Qd8+
{[%clk 0:00:33]} Rf8 {[%clk 0:01:01]} 57. Qd6 {[%clk 0:00:36]} Nf4
{[%clk 0:00:37]} 58. Rb2 {[%clk 0:00:33]} Qc3 {[%clk 0:00:56]} 59. Qb4
{[%clk 0:00:32]} Qxh3+ {[%clk 0:01:16]} 60. Kg1 {[%clk 0:00:59]} Qg3+
{[%clk 0:01:28]} 61. Kh1 {[%clk 0:01:01]} Nd3 0-1

[Event "WCO2014"]
[Site "Tromso"]
[Date "2014.08.03"]
[Round "2.45"]
[WhiteID "14403668"]
[White "Jacimovic Sara"]
[BlackID "422894"]
[Black "Kalaiyalahan Akshaya"]
[Result "1-0"]
[LiveChessVersion "1.4.3"]
[BlackElo "2016"]
[WhiteElo "2032"]

1. d4 {[%clk 1:30:53]} d5 {[%clk 1:30:52]} 2. Nf3 {[%clk 1:31:16]} Nf6
{[%clk 1:31:14]} 3. g3 {[%clk 1:31:37]} Bf5 {[%clk 1:31:33]} 4. Bg2
{[%clk 1:31:37]} e6 {[%clk 1:31:29]} 5. O-O {[%clk 1:31:28]} Bd6 {[%clk 1:30:54]}
6. Nbd2 {[%clk 1:31:00]} h6 {[%clk 1:30:49]} 7. c4 {[%clk 1:30:51]} c6
{[%clk 1:30:28]} 8. Qb3 {[%clk 1:27:35]} Qb6 {[%clk 1:23:08]} 9. Qd1
{[%clk 1:17:28]} Qc7 {[%clk 1:22:41]} 10. c5 {[%clk 1:16:15]} Be7
{[%clk 1:22:53]} 11. b4 {[%clk 1:14:19]} a5 {[%clk 1:11:38]} 12. bxa5
{[%clk 1:04:35]} Qxa5 {[%clk 1:11:22]} 13. Qb3 {[%clk 1:00:06]} Qa6
{[%clk 1:00:13]} 14. Re1 {[%clk 0:55:24]} Qb5 {[%clk 0:52:48]} 15. Qxb5
{[%clk 0:48:05]} cxb5 {[%clk 0:53:13]} 16. Bf1 {[%clk 0:47:31]} Nc6
{[%clk 0:49:04]} 17. e3 {[%clk 0:46:16]} O-O {[%clk 0:40:05]} 18. Bxb5
{[%clk 0:37:46]} Nb4 {[%clk 0:40:22]} 19. Rf1 {[%clk 0:33:41]} Nc2
{[%clk 0:33:33]} 20. Rb1 {[%clk 0:34:02]} Rxa2 {[%clk 0:33:52]} 21. Rb2
{[%clk 0:33:37]} Rfa8 {[%clk 0:30:33]} 22. Be2 {[%clk 0:31:53]} Rxb2
{[%clk 0:24:09]} 23. Bxb2 {[%clk 0:32:14]} Ra2 {[%clk 0:22:14]} 24. Bc3
{[%clk 0:32:04]} Ra3 {[%clk 0:19:12]} 25. Nb1 {[%clk 0:31:41]} Ra2
{[%clk 0:14:29]} 26. Nfd2 {[%clk 0:31:59]} Ne4 {[%clk 0:11:38]} 27. Nxe4
{[%clk 0:28:51]} Bxe4 {[%clk 0:11:59]} 28. Nd2 {[%clk 0:27:48]} Bg6
{[%clk 0:09:24]} 29. Rc1 {[%clk 0:27:05]} f6 {[%clk 0:06:14]} 30. Bb5
{[%clk 0:26:08]} e5 {[%clk 0:04:42]} 31. Nb1 {[%clk 0:23:28]} Bf5
{[%clk 0:03:01]} 32. c6 {[%clk 0:21:03]} bxc6 {[%clk 0:02:46]} 33. Bxc6
{[%clk 0:21:28]} Be6 {[%clk 0:02:14]} 34. dxe5 {[%clk 0:21:39]} fxe5
{[%clk 0:02:21]} 35. Bxe5 {[%clk 0:22:02]} Nb4 {[%clk 0:02:31]} 36. Bb5
{[%clk 0:21:38]} Rc2 {[%clk 0:01:25]} 37. Rxc2 {[%clk 0:19:45]} Nxc2
{[%clk 0:01:52]} 38. Nd2 {[%clk 0:19:45]} Bb4 {[%clk 0:01:17]} 39. Nf3
{[%clk 0:19:30]} Bg4 {[%clk 0:01:34]} 40. Kg2 {[%clk 0:19:35]} Ne1+
{[%clk 0:01:14]} 41. Nxe1 {[%clk 0:19:59]} Bxe1 {[%clk 0:01:39]} 42. Bc6
{[%clk 0:19:46]} Be6 {[%clk 0:01:51]} 43. Kf1 {[%clk 0:17:01]} Bb4
{[%clk 0:02:00]} 44. Ke2 {[%clk 0:16:53]} Kf7 {[%clk 0:01:40]} 45. Kd3
{[%clk 0:16:02]} Bc5 {[%clk 0:01:40]} 46. Bd4 {[%clk 0:15:38]} Be7
{[%clk 0:26:58]} 47. f3 {[%clk 0:44:04]} g5 {[%clk 0:25:43]} 48. Be5
{[%clk 0:42:48]} Bc5 {[%clk 0:25:51]} 49. g4 {[%clk 0:43:00]} Ba3
{[%clk 0:24:28]} 50. h3 {[%clk 0:43:11]} Kg8 {[%clk 0:17:43]} 51. f4
{[%clk 0:42:40]} gxf4 {[%clk 0:17:54]} 52. exf4 {[%clk 0:43:05]} Bf7
{[%clk 0:17:15]} 53. f5 {[%clk 0:42:45]} Bc1 {[%clk 0:17:22]} 54. h4
{[%clk 0:41:04]} Kf8 {[%clk 0:16:49]} 55. Bf6 {[%clk 0:40:41]} Bg8
{[%clk 0:12:31]} 56. Bd8 {[%clk 0:40:12]} Kg7 {[%clk 0:10:23]} 57. f6+
{[%clk 0:39:06]} Kh7 {[%clk 0:08:33]} 58. Bd7 {[%clk 0:35:47]} Bf7
{[%clk 0:08:21]} 59. Be7 {[%clk 0:35:40]} Bf4 {[%clk 0:07:22]} 60. Bf5+
{[%clk 0:35:27]} Kg8 {[%clk 0:07:24]} 61. Kd4 {[%clk 0:32:03]} Bd2
{[%clk 0:06:18]} 62. Bd6 {[%clk 0:26:22]} Be1 {[%clk 0:03:40]} 63. h5
{[%clk 0:26:42]} Bf2+ {[%clk 0:01:56]} 64. Kd3 {[%clk 0:25:36]} Bh4
{[%clk 0:02:08]} 65. Be7 {[%clk 0:25:17]} Bxh5 {[%clk 0:02:06]} 66. gxh5
{[%clk 0:25:16]} Kf7 {[%clk 0:02:33]} 67. Bg6+ {[%clk 0:25:02]} Ke6
{[%clk 0:02:56]} 68. Bf8 {[%clk 0:25:07]} Bxf6 {[%clk 0:02:57]} 69. Bxh6
{[%clk 0:25:33]} Bh8 {[%clk 0:03:13]} 70. Ke3 {[%clk 0:23:02]} Be5
{[%clk 0:03:13]} 71. Kf3 {[%clk 0:23:12]} Kf6 {[%clk 0:03:18]} 72. Kg4
{[%clk 0:22:58]} Bc3 {[%clk 0:02:58]} 73. Be8 {[%clk 0:21:05]} Bb4
{[%clk 0:00:38]} 74. Bg5+ {[%clk 0:17:59]} Kg7 {[%clk 0:01:03]} 75. h6+
{[%clk 0:18:24]} Kh7 {[%clk 0:01:29]} 76. Kh5 {[%clk 0:18:50]} Bc3
{[%clk 0:01:53]} 77. Bd7 {[%clk 0:17:31]} Kh8 {[%clk 0:01:25]} 78. Kg6
{[%clk 0:17:56]} Bb2 {[%clk 0:01:45]} 79. Be7 {[%clk 0:18:20]} 1-0

[Event "WCO2014"]
[Site "Tromso"]
[Date "2014.08.03"]
[Round "2.21"]
[WhiteID "13600168"]
[White "Arakhamia-Grant Ketevan"]
[BlackID "13505211"]
[Black "Ziaziulkina Nastassia"]
[Result "0-1"]
[LiveChessVersion "1.4.3"]
[BlackElo "2407"]
[WhiteElo "2394"]

1. e4 {[%clk 1:30:57]} c5 {[%clk 1:30:56]} 2. Nc3 {[%clk 1:31:10]} d6
{[%clk 1:31:20]} 3. f4 {[%clk 1:31:07]} g6 {[%clk 1:30:01]} 4. Nf3
{[%clk 1:31:13]} Bg7 {[%clk 1:30:16]} 5. Bc4 {[%clk 1:30:59]} Nc6
{[%clk 1:29:47]} 6. O-O {[%clk 1:30:44]} Nf6 {[%clk 1:30:11]} 7. d3
{[%clk 1:26:01]} O-O {[%clk 1:30:18]} 8. Qe1 {[%clk 1:16:25]} e6 {[%clk 1:30:33]}
9. Bb3 {[%clk 1:11:49]} a6 {[%clk 1:22:58]} 10. Qh4 {[%clk 1:02:01]} d5
{[%clk 0:48:17]} 11. f5 {[%clk 0:34:44]} c4 {[%clk 0:42:42]} 12. dxc4
{[%clk 0:31:12]} dxe4 {[%clk 0:40:50]} 13. Nxe4 {[%clk 0:30:22]} Nxe4
{[%clk 0:39:42]} 14. Qxe4 {[%clk 0:30:44]} exf5 {[%clk 0:39:45]} 15. Qf4
{[%clk 0:29:40]} Re8 {[%clk 0:32:05]} 16. c3 {[%clk 0:26:05]} Qb6+
{[%clk 0:27:14]} 17. Kh1 {[%clk 0:26:15]} Na5 {[%clk 0:24:23]} 18. Bc2
{[%clk 0:18:24]} Bd7 {[%clk 0:20:15]} 19. Bd3 {[%clk 0:08:31]} Rac8
{[%clk 0:15:39]} 20. Qh4 {[%clk 0:08:04]} Qd6 {[%clk 0:14:05]} 21. Bf4
{[%clk 0:03:56]} Qxd3 {[%clk 0:13:51]} 22. Rfd1 {[%clk 0:04:19]} Qxc4
{[%clk 0:11:47]} 23. Rxd7 {[%clk 0:04:44]} h6 {[%clk 0:11:44]} 24. Qg3
{[%clk 0:03:38]} Qb5 {[%clk 0:10:31]} 25. Rad1 {[%clk 0:03:44]} Nc6
{[%clk 0:05:59]} 26. h4 {[%clk 0:03:47]} Rcd8 {[%clk 0:05:07]} 27. h5
{[%clk 0:03:25]} Rxd7 {[%clk 0:03:50]} 28. Rxd7 {[%clk 0:03:53]} Ne5
{[%clk 0:04:15]} 29. Rd2 {[%clk 0:03:05]} Qf1+ {[%clk 0:03:55]} 30. Ng1
{[%clk 0:02:54]} Ng4 {[%clk 0:03:29]} 31. Qf3 {[%clk 0:01:46]} Qe1
{[%clk 0:02:30]} 32. hxg6 {[%clk 0:00:47]} fxg6 {[%clk 0:02:35]} 33. g3
{[%clk 0:01:03]} g5 {[%clk 0:00:45]} 34. Qd5+ {[%clk 0:00:52]} Kh8
{[%clk 0:00:51]} 35. Bc7 {[%clk 0:00:43]} Qe4+ {[%clk 0:00:46]} 36. Qxe4
{[%clk 0:00:58]} fxe4 {[%clk 0:01:00]} 37. Ne2 {[%clk 0:01:00]} e3
{[%clk 0:00:52]} 38. Rd7 {[%clk 0:01:06]} Rf8 {[%clk 0:01:12]} 39. Re7
{[%clk 0:00:38]} Rf1+ {[%clk 0:01:00]} 40. Kg2 {[%clk 0:00:37]} Rf2+
{[%clk 0:01:22]} 41. Kh3 {[%clk 0:00:40]} h5 {[%clk 0:01:47]} 0-1

[Event "WCO2014"]
[Site "Tromso"]
[Date "2014.08.03"]
[Round "2.22"]
[WhiteID "13505300"]
[White "Stetsko Lanita"]
[BlackID "2401428"]
[Black "Bamber Elaine"]
[Result "1-0"]
[LiveChessVersion "1.4.3"]
[BlackElo "2077"]
[WhiteElo "2261"]

1. e4 {[%clk 1:30:55]} e5 {[%clk 1:30:56]} 2. Nf3 {[%clk 1:31:17]} Nc6
{[%clk 1:31:21]} 3. Bb5 {[%clk 1:31:37]} a6 {[%clk 1:31:45]} 4. Ba4
{[%clk 1:32:03]} Nf6 {[%clk 1:32:09]} 5. O-O {[%clk 1:32:19]} b5 {[%clk 1:32:34]}
6. Bb3 {[%clk 1:32:27]} Be7 {[%clk 1:32:58]} 7. Re1 {[%clk 1:26:02]} O-O
{[%clk 1:32:52]} 8. h3 {[%clk 1:26:20]} d6 {[%clk 1:32:39]} 9. c3
{[%clk 1:26:31]} Na5 {[%clk 1:31:57]} 10. Bc2 {[%clk 1:26:26]} c5
{[%clk 1:32:08]} 11. d4 {[%clk 1:25:52]} cxd4 {[%clk 1:24:26]} 12. cxd4
{[%clk 1:25:28]} Qc7 {[%clk 1:24:26]} 13. Nc3 {[%clk 1:18:07]} Bb7
{[%clk 1:23:39]} 14. d5 {[%clk 1:13:54]} Nc4 {[%clk 1:22:36]} 15. Bd3
{[%clk 1:07:45]} Nd7 {[%clk 1:19:38]} 16. b3 {[%clk 1:00:03]} Ncb6
{[%clk 1:17:22]} 17. Bb2 {[%clk 0:58:39]} b4 {[%clk 1:14:25]} 18. Ne2
{[%clk 0:58:22]} Nc5 {[%clk 1:08:13]} 19. Rc1 {[%clk 0:56:57]} Qd7
{[%clk 1:04:08]} 20. Rxc5 {[%clk 0:48:34]} dxc5 {[%clk 1:04:29]} 21. Nxe5
{[%clk 0:48:37]} Qc7 {[%clk 1:02:15]} 22. Ng3 {[%clk 0:37:29]} Bd6
{[%clk 0:59:46]} 23. Ng4 {[%clk 0:35:29]} f6 {[%clk 0:46:49]} 24. Nf5
{[%clk 0:28:13]} Nd7 {[%clk 0:35:04]} 25. Nge3 {[%clk 0:19:30]} Bh2+
{[%clk 0:18:48]} 26. Kh1 {[%clk 0:18:41]} Bf4 {[%clk 0:18:32]} 27. d6
{[%clk 0:17:12]} Qd8 {[%clk 0:18:31]} 28. Nxg7 {[%clk 0:09:58]} Kxg7
{[%clk 0:16:27]} 29. Qg4+ {[%clk 0:10:20]} Kh8 {[%clk 0:15:53]} 30. Qxf4
{[%clk 0:10:36]} Qe8 {[%clk 0:12:55]} 31. Ng4 {[%clk 0:10:49]} Qg6
{[%clk 0:09:41]} 32. Re3 {[%clk 0:10:03]} h5 {[%clk 0:08:13]} 33. e5
{[%clk 0:09:14]} f5 {[%clk 0:06:06]} 34. e6+ {[%clk 0:09:14]} Kh7
{[%clk 0:05:29]} 35. exd7 {[%clk 0:09:23]} Be4 {[%clk 0:04:15]} 36. Bxe4
{[%clk 0:08:38]} Rad8 {[%clk 0:03:43]} 37. Nf6+ {[%clk 0:08:16]} Rxf6
{[%clk 0:03:34]} 38. Bxf6 {[%clk 0:08:39]} 1-0